Statistiques concernant Ultima verba : dernières paroles célèbres

Cliquez ici pour prendre le quiz!

Statistiques générales

  • Ce quiz a été pris 184 fois
  • Le résultat moyen est 3 sur 15

Statistiques - réponses

DateDernières parolesAuteur% Correct
44 av JCToi aussi, mon fils !Jules César
97%
1793Monsieur, je vous demande pardon. Je ne l'ai pas fait exprèsMarie-Antoinette
61%
1794N'oublie pas, surtout. N'oublie pas de montrer ma tête au peuple, elle en vaut la peine !Georges Danton
53%
212 av JCNe dérange pas mes cercles !Archimède
16%
1885Je vois de la lumière noireVictor Hugo
16%
1900Ou c'est ce papier peint qui disparaît, ou c'est moi !Oscar Wilde
8%
1965Tout cela me fatigue...Winston Churchill
7%
1967Je sais que tu dois me tuer. Tire, lâche, tu vas seulement tuer un hommeChe Guevara
6%
1929(voyant arriver un prêtre) Enlevez-moi ça !Georges Clemenceau
6%
1914Une tarte aux fraises !Jean Jaurès
6%
1793Encore un moment, Monsieur le bourreau ! Madame du Barry
4%
1832Plus de lumière ! Goethe
3%
2004J'emmerde la mortMarlon Brando
3%
1980L'argent ne peut pas acheter la vieBob Marley
2%
1963LSD, 100 µg, i.m.Aldous Huxley
0%

Distribution des résultats

Percentile par nombre de réponses

% des personnes avec chaque résultat

Votre développement - résultats

Vous n’avez pas pris ce quiz